FTW Champions (ECW/AEW) - Statistics

General Stats
  • This quiz has been taken 265 times
    112 since last reset
  • The average score is 5 of 7
Answer Stats
Title Reigns Last Won Champion % Correct
3 2024 Hook
96%
2 1999 Taz
94%
1 2024 Chris Jericho
76%
1 2020 Brian Cage
75%
1 1998 Sabu
71%
1 2021 Ricky Starks
67%
1 2023 Jack Perry
64%
No matching quizzes found
Score Distribution
Percent of People with Each Score
Percentile by Number Answered
Your Score History
You have not taken this quiz since the last reset